00729nam a22002055i 4500001000700000003000900007005001700016008004100033080001300074100002500087245011600112250001200228260003300240300004700273490005200320651002700372700003300399830005200432852003900484178005ES-MaACL20230906220451.0110512s1963 sp f |||| | spa d a908(470)1 aNazaroff, Aleksandr.10aRusia b: pueblo y costumbres / cAlexander Nazaroff ; [traducción directa del inglés por Ricardo Clará]. a1ª ed. aBarcelona : bSayma, c1963. a222, [16] p. de lám. bl. y n. ; c19 cm.1 aPanoramas A-Z. La universidad en su mano ; v19 4aRusia-xDescripción.1 aClará Camprubí, Ricardo.0 aPanoramas A-Z. La universidad en su mano ; v19 aES-MaACLjE-15074 xOlim P-269-bis